000 00876nam a2200217Ia 4500
003 IN-BaIIA
008 211028s9999 xx 000 0 eng d
020 _a0-88318-787-6
040 _cIIA Library
080 _a533-469(082.1)
_bNON
111 _aTopical Conference on Nonlinear and Relativistic Effects in Plasmas
_cCalifornia
_d1990 Feb. 5-8
_918503
245 0 _aNonlinear and relativistic effects in plasmas
_bproceedings of a topical conference held in San Diego, California, February. 5-8, 1990
_cedited by V. Stefan
260 _aNew York
_bAmerican Institute of Physics
_c1992
300 _axvi, 764p.
490 _aResearch trends in physics
650 _aAstronomy and astrophysics thesaurus
650 _aPlasmas
_91898
650 _aRelativistic astrophysics
_96801
700 _aStefan, V. ed
_918504
942 _cBK
999 _c10822
_d10822